Study guide to accompany Schiller: The micro economy today / (Record no. 863)
[ view plain ]
| 000 -LEADER | |
|---|---|
| fixed length control field | 00433pam a2200145 a 4500 |
| 020 ## - INTERNATIONAL STANDARD BOOK NUMBER | |
| ISBN | 0070577161 (alk. paper) |
| 050 00 - CALL NUMBER | |
| Classification number | HB172 |
| Item number | .S3625 |
| 100 1# - AUTHOR | |
| Personal name | Ziegler, L. F. |
| -- | Wilson, L. |
| 245 14 - TITLE | |
| Title | Study guide to accompany Schiller: The micro economy today / |
| Statement of responsibility, etc | Lawrence Ziegler and Linda Wilson |
| 250 ## - EDITION | |
| Edition statement | 7th ed. |
| 260 ## - PUBLICATION INFORMATION | |
| Place of publication | New York : |
| Name of publisher | McGraw-Hill, |
| Year of publication | c1997. |
| 300 ## - DESCRIPTION | |
| Number of Pages | 404p : |
| Other physical details | ill. ; |
| 650 #0 - SUBJECTS | |
| Topical Term | Microeconomics. |
| 942 ## - ADDED ENTRY ELEMENTS (KOHA) | |
| Koha item type | Books |
| Withdrawn status | Lost status | Home library | Current library | Date acquired | Full call number | Accession Number | Koha item type |
|---|---|---|---|---|---|---|---|
| Methodist University Library Wenchi Faculty | Methodist University Library Wenchi Faculty | 14/11/2017 | HB172 .S3625 | 21471 | Books | ||
| Methodist University Library Wenchi Faculty | Methodist University Library Wenchi Faculty | 14/11/2017 | HB172 .S3625 | 21472 | Books | ||
| Methodist University Library Wenchi Faculty | Methodist University Library Wenchi Faculty | 14/11/2017 | HB172 .S3625 | 21473 | Books | ||
| Methodist University Library Wenchi Faculty | Methodist University Library Wenchi Faculty | 14/11/2017 | HB172 .S3625 | 21474 | Books | ||
| Methodist University Library Wenchi Faculty | Methodist University Library Wenchi Faculty | 14/11/2017 | HB172 .S3625 | 21475 | Books | ||
| Methodist University Library Wenchi Faculty | Methodist University Library Wenchi Faculty | 14/11/2017 | HB172 .S3625 | 21476 | Books | ||
| Methodist University Library Wenchi Faculty | Methodist University Library Wenchi Faculty | 14/11/2017 | HB172 .S3625 | 21408 | Books |